书目信息 |
| 题名: |
诗与诚实
|
|
| 作者: | 公刘 著 | |
| 分册: | ||
| 出版信息: | 广州 花城出版社 1983 |
|
| 页数: | 167页 | |
| 开本: | 21cm | |
| 丛书名: | 海韵论丛 | |
| 单 册: | ||
| 中图分类: | I052 | |
| 科图分类: | ||
| 主题词: | 诗歌-文学理论 , 文学理论-诗歌 | |
| 电子资源: | ||
| ISBN: | ||
| 000 | 00659nam2 2200265 45 | |
| 001 | 0183007654 | |
| 005 | 20060819102756.31 | |
| 010 | @dCNY0.57 | |
| 091 | @aCN@b10261.253 | |
| 100 | @a19950517d1983 em y0chiy0121 ea | |
| 101 | 0 | @achi |
| 102 | @aCN@b440000 | |
| 105 | @ay z 000zy | |
| 200 | 10 | @a诗与诚实@Ashi yu cheng shi@f公刘著 |
| 210 | @a广州@c花城出版社@d1983 | |
| 215 | @a167页@d21cm | |
| 225 | 2 | @a海韵论丛 |
| 410 | 0 | @120010@a海韵论丛 |
| 606 | @a诗歌-文学理论 | |
| 606 | @a文学理论-诗歌 | |
| 690 | @aI052@v3 | |
| 701 | 0 | @a公刘@Agong liu@4著 |
| 801 | 0 | @aCN@bTSSF@c20060819 |
| 801 | 2 | @aCN@bNLC@c20060725 |
| 905 | @a10447@dI052@e135 | |
| 诗与诚实/公刘著.-广州:花城出版社,1983 |
| 167页;21cm.-(海韵论丛) |
| ISBN :CNY0.57 |
| ● |
| 相关链接 |
|
|
|
|
正题名:诗与诚实
索取号:I052/135
 
预约/预借
| 序号 | 登录号 | 条形码 | 馆藏地/架位号 | 状态 | 备注 |
| 1 | 0428067 | 204280679 | 密集书库/ [索取号:I052/135] | 在馆 | |
| 2 | 0428068 | 204280688 | 密集书库/ [索取号:I052/135] | 在馆 | |
| 3 | 0428069 | 204280697 | 密集书库/ [索取号:I052/135] | 在馆 | |
| 4 | 0469841 | 204698416 | 密集书库/ [索取号:I052/135] | 在馆 |